| 000 | 00502nam a2200181Ia 4500 | ||
|---|---|---|---|
| 999 |
_c16176 _d16176 |
||
| 003 | OSt | ||
| 005 | 20200606115858.0 | ||
| 008 | 190216s9999||||xx |||||||||||||| ||und|| | ||
| 020 | _a8177410369 | ||
| 040 | _cMESKC library | ||
| 082 |
_a954 _bMIS/G |
||
| 100 |
_aMishra, Lallan _9241 |
||
| 245 | 0 |
_aGaneshshankar Vidyarthi / _cLallan Mishra |
|
| 260 |
_bSanjay Book Center, _aVaranasi: _c2002. |
||
| 300 | _a204P | ||
| 650 | _aHindi | ||
| 942 |
_cBK _2ddc _h954 _iMIS/G _k954 _mMIS/G |
||